Normal view
MARC view
- John J. Grainger
Entry Personal Name
001 - CONTROL NUMBER
- control field: 124041
003 - CONTROL NUMBER IDENTIFIER
- control field: NUST
005 - DATE AND TIME OF LATEST TRANSACTION
- control field: 20240704153342.0
008 - FIXED-LENGTH DATA ELEMENTS
- fixed length control field: 240704|| aca||aabn | a|a d
040 ## - CATALOGING SOURCE
- Original cataloging agency: NUST
- Transcribing agency: NUST
100 ## - HEADING--PERSONAL NAME
- Personal name: John J. Grainger
670 ## - SOURCE DATA FOUND
- Source citation: Work cat.: (NUST): John J. Grainger, Power System Analysis, 2018
